| 000 | 00709nam a2200205 i 4500 | ||
|---|---|---|---|
| 001 | 89755 | ||
| 003 | ES-MaACL | ||
| 007 | t| | ||
| 008 | 050112s1945 mx ||||1| spa d | ||
| 100 | 1 |
_aLaufenburger, Henry. _970591 |
|
| 245 | 1 | 3 |
_aLa intervención del estado en la vida económica / _cHenry Laufenburger ; versión española de Gabriel Franco. |
| 250 | _a[2ª ed.]. | ||
| 260 |
_aMéxico : _bFondo de Cultura Económica de México, _c[1945] ( _fGráfica Panamericana) |
||
| 300 |
_a364 p. ; _c20 cm. |
||
| 490 | 1 | _aSección de obras de economía | |
| 700 | 1 |
_aFranco, Gabriel. _952223 |
|
| 830 | 0 |
_aSección de obras de economía _9179924 |
|
| 852 |
_aES-MaACL _jE-254 _bR.27321 |
||
| 999 |
_c89755 _d89755 |
||